Secondary Education Syllabus Volume two: Mathematics, Physics, Chemistry, Biology, Agriculture, Homescience / (Record no. 929)
| 000 -LEADER | |
|---|---|
| fixed length control field | 00663nam a22001937a 4500 |
| 003 - CONTROL NUMBER IDENTIFIER | |
| control field | OSt |
| 005 - DATE AND TIME OF LATEST TRANSACTION | |
| control field | 20140116120841.0 |
| 008 - FIXED-LENGTH DATA ELEMENTS--GENERAL INFORMATION | |
| fixed length control field | 120529t xxu||||| |||| 00| 0 eng d |
| 020 ## - INTERNATIONAL STANDARD BOOK NUMBER | |
| International Standard Book Number | 9966315527 |
| 040 ## - CATALOGING SOURCE | |
| Original cataloging agency | LoC |
| Language of cataloging | English |
| 050 ## - LIBRARY OF CONGRESS CALL NUMBER | |
| Classification number | LB3058.K4 2002 V.2 |
| 110 ## - MAIN ENTRY--CORPORATE NAME | |
| Corporate name or jurisdiction name as entry element | Ministry of Education |
| 245 ## - TITLE STATEMENT | |
| Title | Secondary Education Syllabus Volume two: Mathematics, Physics, Chemistry, Biology, Agriculture, Homescience / |
| Statement of responsibility, etc | Ministry of Education |
| 260 ## - PUBLICATION, DISTRIBUTION, ETC. (IMPRINT) | |
| Place of publication, distribution, etc | Nairobi |
| Name of publisher, distributor, etc | Kenya Institute of Education |
| Date of publication, distribution, etc | 2002 |
| 300 ## - PHYSICAL DESCRIPTION | |
| Extent | viii.;167p. |
| 501 ## - WITH NOTE | |
| With note | Includes appendix |
| 504 ## - BIBLIOGRAPHY, ETC. NOTE | |
| Bibliography, etc | Mathematics---Chemistry---Physics---Biology---Agriculture---Home science |
| 942 ## - ADDED ENTRY ELEMENTS (KOHA) | |
| Source of classification or shelving scheme | |
| Koha item type | Book |
| Withdrawn status | Lost status | Source of classification or shelving scheme | Damaged status | Not for loan | Home library | Current library | Date acquired | Total Checkouts | Total Renewals | Full call number | Barcode | Date last seen | Date checked out | Copy number | Price effective from | Koha item type |
|---|---|---|---|---|---|---|---|---|---|---|---|---|---|---|---|---|
| Riara University Library | Riara University Library | 29/05/2012 | 3 | 1 | LB3058.K4 2002 V.2 | 3353/12 | 22/07/2017 | 01/07/2017 | C.1 | 29/05/2012 | Book | |||||
| Riara University Library | Riara University Library | 29/05/2012 | 4 | LB3058.K4 2002 V.2 | 3354/12 | 20/01/2017 | 18/01/2017 | C.2 | 29/05/2012 | Book |
